| 000 | 00364nam a22001577a 4500 | ||
|---|---|---|---|
| 003 | SGT | ||
| 020 | _a9789393480958 | ||
| 082 |
_a615.1 _bN26B |
||
| 100 | _aBABOOTA, SANJULA | ||
| 245 | _aNOVEL DRUG DELIVERY SYSTEM | ||
| 260 |
_aNEW DELHI _bBIRLA PUB. _c2026 |
||
| 300 | _a248 | ||
| 650 | _aPHARMACY | ||
| 653 | _aNOVEL, DRUG, DELIVERY, SYSTEM | ||
| 942 |
_2ddc _cBK |
||
| 999 |
_c34799 _d34799 |
||